000 01380nam a2200277Ia 4500
999 _c55560
_d55560
001 22642
003 GE_BSU
005 20230405114424.0
008 181216s ||||ge |||||||||||||| ||geo||
020 _a9789941462641
040 _cGE_BSU
041 _ageo
080 _a635.922(749.223)(092) გ-14
100 _aგაგუა, ოთარ
_95227
245 _aსაკაოდან - ლონდონამდე : იასონ გორდეზიანი : [მებაღე-დეკორატორი] :
_bბათუმის ბულვარი /
_cოთარ გაგუა ; რედ. ეთერ მაჭუტაძე.
264 _aბათუმი :
_bბათუმის შოთა რუსთაველის სახელმწ. უნ-ტის გამ-ბა,
_c2018.
300 _a152 გვ. ;
_bფოტ. ;
_c20 სმ.
541 _h4ლ.54თ.
653 _aგორდეზიანი იასონ 1877-1960
653 _aდეკორატიული მებაღეობა
653 _aსაკაოდან - ლონდონამდე
653 _aმებაღე-დეკორატორი
653 _aსოფლის მეურნეობა
700 _aმაჭუტაძე, ეთერ
_eრედაქტორი
_917485
942 _cBK
_2udc